00577cam a22002172 45000010011000000030004000110050017000150080041000320200015000730400015000880500024001031000027001272450044001542500012001982600037002103000014002476500031002616500033002926500014003257000020003390000019565OSt20190219153440.0110110s xx 000 0 eng d a0857111746 aKABUcKABU aRS403 .F56 2016 c.11 aFlorence, Alexander T.10aPhysicochemical principles of pharmacy. a6th ed. aLondon :bPharmaceutical,c2016. axi, 647p. 0aPharmaceuticals chemistry. 0aChemistry, Physical organic. 0aPharmacy.1 aAttwood, David.